Normal view
MARC view
Entry Personal Name
001 - CONTROL NUMBER
- control field: 155495
003 - CONTROL NUMBER IDENTIFIER
- control field: OSt
005 - DATE AND TIME OF LATEST TRANSACTION
- control field: 20220918231706.0
008 - FIXED-LENGTH DATA ELEMENTS
- fixed length control field: 220918|| aca||aabn | a|a d
040 ## - CATALOGING SOURCE
- Original cataloging agency: OSt
- Transcribing agency: OSt
100 ## - HEADING--PERSONAL NAME
- Personal name: Mandal Chitta Ed
670 ## - SOURCE DATA FOUND
- Source citation: Work cat.: (OSt)292060: Mandal Chitta Ed., Muzaffar Ahmeder sahitya-O-samaj rajneeti, 1973
